| 000 | 00490nam a22001817a 4500 | ||
|---|---|---|---|
| 999 |
_c525808 _d525808 |
||
| 003 | NUST | ||
| 008 | 190704b ||||| |||| 00| 0 eng d | ||
| 020 | _q(Hbk) | ||
| 038 | _aM. Shaban | ||
| 082 |
_a891.421 _bNJM |
||
| 100 |
_aNajmi, Baba _915809 |
||
| 245 |
_aAkhran vich samoundar / _cBaba Najmi |
||
| 260 |
_aLahore : _bFiction House _c1998. |
||
| 300 | _a144 p. ; | ||
| 880 |
_6100-01\r _aبابا نجمی |
||
| 880 |
_6245-02\r _aاکھراں وِچ سمندر / |
||
| 942 |
_2ddc _cBK |
||